Historia del siglo XX ; Nicaragua 1926-1939 (Registro nro. 4117)
[ vista simple ]
| 000 -CABECERA | |
|---|---|
| Longitud fija campo de control | 00739cam a22002054a 4500 |
| 001 - NÚMERO DE CONTROL | |
| Número de control | 12529532 |
| 003 - IDENTIFICADOR DELl NÚMERO DE CONTROL | |
| Identificador del número de control | OSt |
| 005 - FECHA Y HORA DE LA ÚLTIMA TRANSACCIÓN | |
| Fecha y hora de la última transacción | 20131115164657.0 |
| 008 - CÓDIGOS DE INFORMACIÓN DE LONGITUD FIJA | |
| Códigos de información de longitud fija | 010907m20019999nq b 000 0 spa |
| 010 ## - NÚMERO DE CONTROL DE LA BIBLIOTECA DEL CONGRESO | |
| Número de control de LC | 2001446529 |
| 040 ## - FUENTE DE LA CATALOGACIÓN | |
| Centro catalogador de origen | DLC |
| Centro transcriptor | BMC |
| 082 ## - NÚMERO DE LA CLASIFICACIÓN DECIMAL DEWEY | |
| Númeroo de clasificación | 972.85082 |
| 100 1# - PUNTO DE ACCESO PRINCIPAL-NOMBRE DE PERSONA | |
| Nombre de persona | Vargas, Óscar-René |
| 9 (RLIN) | 9284 |
| 245 10 - MENCIÓN DE TÍTULO | |
| Título | Historia del siglo XX ; Nicaragua 1926-1939 |
| Resto del título | : La crisis y Sandino |
| Mención de responsabilidad, etc. | Oscar René Vargas |
| 260 ## - PUBLICACIÓN, DISTRIBUCIÓN, ETC. (PIE DE IMPRENTA) | |
| Lugar de publicación, distribución, etc. | Managua |
| Nombre del editor, distribuidor, etc. | Centro de Estudios de la Realidad Nacional de Nicaragua y Centro de Documentación de Honduras |
| Fecha de publicación, distribución, etc. | 2001 |
| 300 ## - DESCRIPCIÓN FÍSICA | |
| Extensión | 3 v. |
| Dimensiones | 21 cm |
| 505 ## - NOTA DE CONTENIDO CON FORMATO | |
| Nota de contenido con formato | Contiene: Vol. 1: Nicaragua 1893-1909 - Vol. 2: Nicaragua 1910-1925 - Vol. 3: Nicaragua 1926-1939 |
| 651 #4 - PUNTO DE ACCESO ADICIONAL DE MATERIA - NOMBRE GEOGRÁFICO | |
| Nombre geográfico | Nicaragua |
| Subdivisión de materia general | Historia |
| Subdivisión cronológica | S.XX |
| 9 (RLIN) | 9283 |
| 942 ## - ENTRADA DE ELEMENTOS AGREGADOS (KOHA) | |
| Fuente de clasificaión o esquema | Dewey Decimal Classification |
| Koha [por defecto] tipo de item | 1- Monografias |
| Suprimido | Perdido | Fuente de clasificación o esquema | Estropeado | Restricciones de uso | No para préstamo | Código de colección | Localización permanente | Localización actual | Localización en estanter&íacute;as | Fecha adquisición | Fuente de adquisición | Número de inventario | Préstamos totales | Signatura completa | Código de barras | Fecha última consulta | Coste, precio reemplazado | Fecha del precio de reemplazo | Tipo de item de Koha |
|---|---|---|---|---|---|---|---|---|---|---|---|---|---|---|---|---|---|---|---|
| NULL | NULL | Dewey Decimal Classification | NULL | Prestable | NULL | NULL | Biblioteca Miguel de Cervantes - UNICAES | Biblioteca Miguel de Cervantes - UNICAES | Sala Principal | 15/11/2013 | Donación - J. Giammattei | 007154 | 972.85 VAR his (v. 3) | 1007154 | 15/11/2013 | 24.00 | 15/11/2013 | 1- Monografias | |
| NULL | NULL | Dewey Decimal Classification | NULL | Prestable | NULL | NULL | Biblioteca Miguel de Cervantes - UNICAES | Biblioteca Miguel de Cervantes - UNICAES | Sala Principal | 15/11/2013 | Donación - J. Giammattei | 007166 | 972.85 VAR his (v. 1) | 1007166 | 15/11/2013 | 18.00 | 15/11/2013 | 1- Monografias | |
| NULL | NULL | Dewey Decimal Classification | NULL | Prestable | NULL | NULL | Biblioteca Miguel de Cervantes - UNICAES | Biblioteca Miguel de Cervantes - UNICAES | Sala Principal | 15/11/2013 | Donación - J. Giammattei | 007167 | 972.85 VAR his (v. 2) | 1007167 | 15/11/2013 | 18.00 | 15/11/2013 | 1- Monografias |